000 00329nam a2200133 i 4500
001 bg
100 1 _aPHILIPPOW, H.
245 0 _aTaschenbuch Elektrotechnik.
_nBd.3,
_pNachrichtentechnik /
_cH. Philippow.
260 _aBerlin,
_c1967.
040 _cBPK
041 _apol
942 _cKS
008 s pl f |000 0 pol
999 _c8750
_d8750
856 _uhttp://koha.tu.koszalin.pl/cgi-bin/koha/opac-detail.pl?biblionumber=8750
_yKatalog online BPK